Central Library OPAC University of Rajshahi

Vocabulary 1000 / (Record no. 46444)

MARC details
000 -LEADER
fixed length control field 00542nam a22002057a 4500
001 - CONTROL NUMBER
control field 46444
003 - CONTROL NUMBER IDENTIFIER
rucl marc code BD-RjUL
005 - DATE AND TIME OF LATEST TRANSACTION
control field 20211209054143.0
008 - FIXED-LENGTH DATA ELEMENTS--GENERAL INFORMATION
fixed length control field 160802s1969 n ||||| |||| 00| 0 eng d
035 ## - SYSTEM CONTROL NUMBER
System control number (BD-RjUL)46562
040 ## - CATALOGING SOURCE
Original cataloging agency BD-RjUL
Language of cataloging eng
Transcribing agency BD-RjUL
041 ## - LANGUAGE CODE
Language code of text/sound track or separate title eng
082 ## - DEWEY DECIMAL CLASSIFICATION NUMBER
Classification number 423
Author mark and year CRV 1969
100 ## - MAIN ENTRY--PERSONAL NAME
Personal name Cronin, Morton J.
9 (RLIN) 141774
245 10 - TITLE STATEMENT
Title Vocabulary 1000 /
Statement of responsibility, etc. Morton J. Cronin.
260 ## - PUBLICATION, DISTRIBUTION, ETC. (IMPRINT)
Place of publication, distribution, etc. New York :
Name of publisher, distributor, etc. Harcourt, Bruce & World,
Date of publication, distribution, etc. c1969
300 ## - PHYSICAL DESCRIPTION
Pagination 174 p. ;
Size 28 cm.
650 ## - SUBJECT ADDED ENTRY--TOPICAL TERM
Topical term or geographic name as entry element Vocabulary.
9 (RLIN) 132900
942 ## - ADDED ENTRY ELEMENTS (KOHA)
Source of classification or shelving scheme Dewey Decimal Classification
Koha item type Books
Holdings
Lost status Source of classification or shelving scheme Damaged status Not for loan Collection code Permanent Location Current Location Shelving location Date acquired Source of acquisition Total Checkouts Full call number Date last seen Copy number Koha item type
  Dewey Decimal Classification     Non-fiction Central Library, University of Rajshahi Central Library, University of Rajshahi   24/07/1985 Asia Foundation   423 CRV 1969 02/08/2016 C-2 Books